00601nam a2200193Ia 450000500170000000800410001704000190005804100120007708200170008910000220010624500720012826000420020030000150024250400500025763000240030765000240033165100420035585000100039720240127141456.0131103s9999 xx 000 0 und d aLoreto College aEnglish a342.954bAUS aAustin, Granville 4aThe Indian constitutionbCornerstone of a nation cGranville Austin aBombaybOxford University Pressc1972 avii,390p.  aIncludes bibliographical references and index aIndian Constitution aConstitutionzIndia aConstitutional and Administrative Law aLCLIB